000 01080cab a2200205 4500
001 ##L133867
008 060614n2006 000 0 eng u
035 _a(Sirsi) u133867
041 0 _aeng
110 2 _aBuilding Research Establishment
245 0 0 _aBRE launch Ecohomes XB
_becohomes for existing housing
260 _c2006
490 0 _aBRE News Release
_v8 June 2006
520 _aBRE, in collaboration with the Housing Corporation, has launched EcoHomes XB, a sophisticated but easy to use tool designed to assist housing associations and local authority landlords in judging the environmental performance of their management structure and existing housing stock, highlighting properties in need of attention. Management policies, energy, transport, pollution, water, health and waste are among the topics covered by EcoHomes XB.
590 _aIKA200606
651 4 _aUnited Kingdom
_y
690 _aBUILT ENVIRONMENT-SUSTAINABLE CONSTRUCTION
856 4 1 _uhttps://www.bre.co.uk/newsdetails.jsp?id=395
_zView the item free of charge at www.bre.co.uk...
942 _n0
999 _c77235
_d77235